Paroles : En chantant - Michel Sardou - Statistiques

Statistiques générales
  • Ce quiz a été pris 1 363 fois
  • Le résultat moyen est 225 sur 281
Statistiques - réponses
Réponse % Correct
chantant
100%
en
100%
je
99%
je
99%
le
98%
Le
98%
à
97%
a
97%
de
97%
mes
97%
mes
97%
des
96%
Quand
96%
j'étais
96%
petit
96%
J'étais
96%
j'étais
96%
ma
96%
petit
96%
Quand
96%
garçon
95%
garçon
95%
La
95%
la
95%
plus
95%
Et
94%
leçons
94%
leçons
94%
ce
93%
moi
92%
vie
92%
C'est
91%
c'est
91%
con
91%
marrant
90%
moins
90%
se
90%
chanson
89%
bien
88%
années
87%
désespérant
87%
repassais
87%
repassais
87%
tard
87%
idées
86%
noires
85%
faire
84%
traiter
84%
elle
82%
fille
82%
première
82%
que
82%
dans
81%
l'amour
81%
L'amour
81%
du
80%
j'ai
80%
l'ai
80%
fait
78%
fois
77%
rue
77%
chassais
76%
dix
76%
si
76%
Si
76%
beaucoup
75%
parle
75%
suivie
75%
s'est
73%
temps
73%
content
72%
mauvais
72%
mignon
72%
qui
72%
parler
71%
déshabillée
70%
habitué
70%
joué
70%
les
70%
inquiétant
69%
ne
69%
tellement
68%
enchantée
67%
vieil
67%
Mais
65%
matin
64%
ou
64%
quitté
64%
pas
63%
On
62%
on
62%
guerre
61%
au
60%
femme
58%
sa
58%
mon
57%
qu'au
57%
mort
55%
m'ait
54%
enfin
53%
peine
53%
Tous
52%
tous
52%
est
51%
hommes
51%
Jupiter
51%
qu'en
51%
bout
50%
enfants
50%
fusil
50%
m'expliquer
50%
aussi
49%
vont
49%
fleur
48%
galère
48%
n'peux
47%
Bouddha
46%
gagne
46%
soutiennent
45%
victoire
45%
pêche
44%
révolution
43%
père
41%
sur
41%
Jéhovah
38%
monde
38%
bras
37%
j'irai
36%
ouverts
36%
soit
36%
copains
35%
m'attend
35%
revoir
33%
bons
32%
m'enterrent
32%
Terre
32%
nos
28%
côté
27%
jardin
27%
mourir
25%
opinions
25%
soient
25%
Quelles
24%
J'aimerais
22%
faut
21%
Puisqu'il
19%
Aucun quiz correspondant
Distribution des résultats
% des personnes avec chaque résultat
Percentile par nombre de réponses
Votre historique - résultats
Vous n’avez pas pris ce quiz